LEADER 00864nam a2200217 i 4500 001 000000359877 003 CaOOAMICUS 005 20240920112611.0 008 240920n it u000 u ita u 013 $a135921 040 $aSeMil$bita 100 1 $aZucconi, Augusto.$0(OLS)http://semarc/name/41523 245 10$aContro un libello diffamatorio /$c[A. Zucconi]. 260 $a[Roma :$bs.n.,$c1911?]$e(Luogo di manifattura non identificato :$fTip. dell' Unione editrice,$g1911?]) 300 $a15 p. ;$c22 cm. 850 $aSeMil 852 $aSeMil$W1$xVenegono$y1$m5C VI 7/14$j250888$B250924$CSeMilBibl$Z2$F250924 $8I 961 $aVolume con evidenti e diffuse sottolineature (a matita) 996 $6245$aContro un libello diffamatorio$9(OLS)http://semarc/title/140132 996 $6260$a[Roma :$bs.n.$9(OLS)http://semarc/publisher/44093 LEADER 01113nam a2200253 i 4500 001 000000167898 003 CaOOAMICUS 005 20071211000000.0 008 071211s1981 it u000 u mul u 013 $a145298 040 $aSeMil$bita 100 1 $aSordi, Italo.$0(OLS)http://semarc/name/63091 245 10$aLombardia nascita di una terra /$cItalo Sordi. Civiltà d'acque in Lombardia / Sergio Angeletti. Lombardia : Uomo e Ambiente / Fotografie di Enzo Pifferi. 260 $aComo :$bE.P.I.,$cCopyr. 1981. 300 $a1 v. (paginazione varia) :$bin gran parte ill. ;$c32x26 cm. 500 $aTesti anche in inglese e tedesco. - Fondo Card. Giovanni Colombo. 700 1 $aPifferi, Enzo.$0(OLS)http://semarc/name/18958 700 1 $aAngeletti, Sergio.$0(OLS)http://semarc/name/63092 850 $aSeMil 852 $aSeMil$W1$xVenegono$y1$m4Y VI 105$j119034$B119034$CSeMilBibl$Z2$F129949 $81 941 1 $a3 961 $aLascito: Colombo Card. Giovanni 996 $6245$aLombardia nascita di una terra$9(OLS)http://semarc/title/240243 996 $6260$aComo :$bE.P.I.$9(OLS)http://semarc/publisher/34964